Timber engineers' handbook. (Record no. 13932)
[ view plain ]
| 000 -LEADER | |
|---|---|
| fixed length control field | 00399cam a22001571 4500 |
| 040 ## - CATALOGING SOURCE | |
| Transcribing agency | FM |
| 082 ## - DEWEY DECIMAL CLASSIFICATION NUMBER | |
| Classification number | 694 WIL 1948 A049 Or. |
| 100 1# - MAIN ENTRY--AUTHOR NAME | |
| Personal name | Hansen, Howard James. |
| 245 10 - TITLE STATEMENT | |
| Title | Timber engineers' handbook. |
| 260 ## - PUBLICATION, DISTRIBUTION, ETC. (IMPRINT) | |
| Place of publication | New York, |
| Name of publisher | J. Wiley |
| Year of publication | [c1948] |
| 300 ## - PHYSICAL DESCRIPTION | |
| Number of Pages | ix, 882 p. |
| Other physical details | illus. |
| Dimensions | 22 cm. |
| 650 #0 - SUBJECT ADDED ENTRY--TOPICAL TERM | |
| Topical Term | Building, Wooden. |
| 650 #0 - SUBJECT ADDED ENTRY--TOPICAL TERM | |
| Topical Term | Buildings |
| 650 #0 - SUBJECT ADDED ENTRY--TOPICAL TERM | |
| Topical Term | Strains and stresses. |
| 942 ## - ADDED ENTRY ELEMENTS (KOHA) | |
| Koha item type | សៀវភៅភាសាអង់គ្លេស |
| 952 ## - LOCATION AND ITEM INFORMATION (KOHA) | |
| Withdrawn status [LOCAL, KOHA] | 0 |
| Permanent Location | Date acquired | Koha item type | Lost status | Shelving location | Barcode | Current Location | Full call number |
|---|---|---|---|---|---|---|---|
| Library Block A | 2017-10-03 | សៀវភៅភាសាអង់គ្លេស | A049 | A15248 | Library Block A | 694 WIL 1948 A049 Or. |